Statistics for Select The Tiles...

Click here to take the quiz!

General Stats

  • This quiz has been taken 84 times
    (52 since last reset)
  • The average score is 67 of 80

Answer Stats

QuestionTileSelect% Correct
a New England StateAlabamaNo
100%
a New England StateTexasNo
100%
a New England StateColoradoNo
98%
a New England StateFloridaNo
98%
a New England StateMontanaNo
98%
a New England StateNew HampshireYes
98%
a New England StateWashingtonNo
98%
a New England StateGeorgiaNo
96%
a New England StateMichiganNo
96%
A Middle Eastern CountryZimbabweNo
96%
A Middle Eastern CountryGreeceNo
94%
Canadian ProvincesHispaniolaNo
94%
A Middle Eastern CountryIndiaNo
94%
Former USSR RepublicsIraqNo
94%
Canadian ProvincesIsle of ManNo
94%
A Middle Eastern CountryMongoliaNo
94%
A Middle Eastern CountryRomaniaNo
94%
A Middle Eastern CountryRussiaNo
94%
Canadian ProvincesStalingradNo
94%
Canadian ProvincesWarsawNo
94%
Canadian ProvincesGibraltarNo
92%
Former USSR RepublicsJapanNo
92%
a New England StateMaineYes
92%
Former USSR RepublicsNepalNo
92%
A Middle Eastern CountrySaudi ArabiaYes
92%
Former USSR RepublicsSaudi ArabiaNo
92%
Former USSR RepublicsSwitzerlandNo
92%
A Middle Eastern CountryBhutanNo
90%
Former USSR RepublicsGreeceNo
90%
Former EmpiresIcelandNo
90%
Canadian ProvincesMunsterNo
90%
A Middle Eastern CountrySomaliaNo
90%
Former USSR RepublicsSwedenNo
90%
A Middle Eastern CountryUnited Arab EmiratesYes
90%
Canadian ProvincesBrittanyNo
88%
A Middle Eastern CountryJordanYes
88%
Canadian ProvincesNewfoundland and LabradorYes
88%
Former EmpiresNew ZealandNo
88%
Former USSR RepublicsNorwayNo
88%
A Middle Eastern CountrySudanNo
88%
Former USSR RepublicsUkraineYes
88%
a New England StateVermontYes
88%
a New England StateVirginiaNo
88%
Former EmpiresBurundiNo
85%
a New England StateConnecticutYes
85%
Former USSR RepublicsMongoliaNo
85%
Canadian ProvincesQueenslandNo
85%
a New England StateRhode IslandYes
85%
Former EmpiresTuvaluNo
85%
Canadian ProvincesAlbertaYes
83%
A Middle Eastern CountryIsraelYes
83%
Canadian ProvincesQuebecYes
83%
Canadian ProvincesSaskatchewanYes
83%
Former EmpiresSurinameNo
83%
Former USSR RepublicsTurkmenistanYes
83%
A Middle Eastern CountryYemenYes
83%
Former EmpiresChinaYes
81%
Former EmpiresEcuadorNo
81%
Canadian ProvincesManitobaYes
81%
a New England StateMassachusettsYes
81%
Former USSR RepublicsMoldovaYes
81%
Canadian ProvincesOntarioYes
81%
Former EmpiresRussiaYes
81%
Former USSR RepublicsRussiaYes
81%
Former EmpiresUnited KingdomYes
81%
Former USSR RepublicsAzerbaijanYes
79%
Former USSR RepublicsTajikstanYes
79%
Canadian ProvincesVictoriaNo
79%
Former EmpiresJapanYes
77%
Canadian ProvincesNew BrunswickYes
77%
Former USSR RepublicsLatviaYes
75%
A Middle Eastern CountryOmanYes
75%
Former EmpiresUnited StatesNo
75%
a New England StateNew YorkNo
71%
Former EmpiresTurkeyYes
60%
Former EmpiresDenmarkNo
56%
A Middle Eastern CountryCyprusYes
23%
Former EmpiresMacedoniaYes
23%
Former EmpiresAustriaNo
19%
Former EmpiresBrazilYes
17%

Score Distribution

Percentile by Number Answered

Percent of People with Each Score

Your Score History

You have not taken this quiz since the last reset